| 000 | 00798nam a2200193 i 4500 | ||
|---|---|---|---|
| 001 | 182730 | ||
| 003 | ES-MaACL | ||
| 005 | 20230906221708.0 | ||
| 008 | 131021s1858 sp |||| | spa d | ||
| 111 | 2 |
_aExposición de Agricultura ( _d1857. _cMadrid) _9149398 |
|
| 245 | 1 | 0 |
_aRelación general de los premios propuestos por el jurado de la Exposición de Agricultura de 1857 : _baprobado por Real Decreto de 3 de marzo de 1858. |
| 260 |
_aMadrid : _b[s.n.], _c1858 ( _fImpr. Nacional) |
||
| 300 |
_a48 p. ; _c29 cm. |
||
| 650 | 4 |
_aAgricultura- _zEspaña- _vExposiciones. _9149399 |
|
| 655 | 7 |
_2tgfbne _9193628 _aCatálogos de exposiciones |
|
| 852 | 4 |
_aES-MaACL _jT-395-F-5 _z- Legado Gustavo Sáenz Díez y Sello de los Escolares Médicos |
|
| 942 | _2udc | ||
| 999 |
_c182730 _d182730 |
||